• 首页
  • 本馆介绍
  • 公告通知
  • 最新文献
  • 馆藏检索
  • 电子资源
  • 读者导购
  • 参考咨询
  • 我的图书馆
  • 登录
  • 详细信息显示
  • 放入我的书架
  • 预约/预借图书
  • 作者相关作品
  • 分类相关作品
  • 丛书相关作品
  • 出版社相关作品

书目信息

  • 表格格式
  • 工作单格式
  • 卡片格式
题名:
过程控制装置
    
 
作者: 张永德 编著
分册:  
出版信息: 北京   化学工业出版社  2017
页数: 293页
开本: 26cm
丛书名:
单 册:
中图分类: TQ056.2
科图分类:
主题词: 化工过程--hua gong guo cheng--过程控制--控制设备--高等学校--教材
电子资源:
ISBN: 978-7-122-29552-1
000 01026nam0 2200277 450
001 012001000390
005 20191108082050.01
010    @a978-7-122-29552-1@dCNY49.00
099    @aCAL 012017121834
100    @a20170817d2017 em y0chiy50 ea
101 0  @achi
102    @aCN@b110000
105    @aak a 000yy
106    @ar
200 1  @a过程控制装置@Aguo cheng kong zhi zhuang zhi@f张永德编著
205    @a第4版
210    @a北京@c化学工业出版社@d2017
215    @a293页@c图@d26cm
300    @a北京市高等教育精品教材
320    @a有书目 (第293页)
330    @a本书从过程控制装置的构成原理、结构特点、线路分析、工程应用等重点内容出发,精选素材,侧重介绍可编程逻辑控制器、数字式仪表、集散控制系统、现场总线、气动调节阀的相关技术及应用;基于强化基础、突出应用的理念,注重理论联系实际。
606 0  @a化工过程@Ahua gong guo cheng@x过程控制@x控制设备@x高等学校@j教材
690    @aTQ056.2@v4
701  0 @a张永德@Azhang yong de@4编著
801  0 @aCN@b北京卓展文化@c20191020
905    @b1196036-9@dTQ056.2@e486=4@f4
    
    过程控制装置/张永德编著.-第4版.-北京:化学工业出版社,2017
    293页:图;26cm
    北京市高等教育精品教材
    
    ISBN 978-7-122-29552-1:CNY49.00
    本书从过程控制装置的构成原理、结构特点、线路分析、工程应用等重点内容出发,精选素材,侧重介绍可编程逻辑控制器、数字式仪表、集散控制系统、现场总线、气动调节阀的相关技术及应用;基于强化基础、突出应用的理念,注重理论联系实际。
●
相关链接 在E读中查询图书 在五车中查询图书 在当当中查询图书 在豆瓣中查询图书


正题名:过程控制装置     索取号:TQ056.2/486=4         预约/预借

序号 登录号 条形码 馆藏地/架位号 状态 备注
1 1196036   211960369   第二样本阅览室/ [索取号:TQ056.2/486=4] 在馆    
2 1196037   211960378   第三借阅区/ [索取号:TQ056.2/486=4] 在馆    
3 1196038   211960387   第三借阅区/ [索取号:TQ056.2/486=4] 在馆    
4 1196039   211960396   第三借阅区/ [索取号:TQ056.2/486=4] 在馆    
唐山师范学院图书馆 欢迎您!
大连网信软件有限公司© 版权所有